000 01040cab a2200181 4500
001 ##L133198
008 060420n2006 000 0 eng u
035 _a(Sirsi) u133198
041 0 _aeng
100 1 _aDixon, Tim
245 0 0 _aBrown to gold by way of green
260 _c2006
490 0 _aEstates Gazette
_v(0614) 8 April 2006, 166-168(3)
520 _aLooks at new research that argues that public sector involvement needs to be fostered if government wants brownfield development schemes to be sustainable. The research (L133199) provides case studies of best practice in brownfield regeneration focusing on six sites in the Thames Gateway and Greater Manchester. Offers a developer's checklist summarising the lessons learnt from stakeholder interviews in the two locations and a table detailing land allocation in the two areas in 2004. Notes the major policy changes that will affect brownfield development.
590 _aIKA250406
690 _aPROPERTY-PROPERTY DEVELOPMENT-SUSTAINABLE PROPERTY DEVELOPMENT
942 _n0
999 _c76856
_d76856